000 01076nas a2200325 4500
001 BR2015005749
003 BR-BrBNA
005 20231205125810.0
007 ta
008 230509b bl.|||p| |||| 00| 00por d
040 _aBR-BrBNA
_bpor
_cBiblioteca Nacional de Agricultura
041 _a(En)
072 _aP01
100 1 _aMuner, L.H. de
100 1 _aMasera, O.
100 1 _aFornazier, M.J.
100 1 _aSouza, C.V. de
100 1 _aLoreto, M. das D.S. de
245 1 _aEnergetic sustainability of three arabica coffee growing systems used by family farming units in Espírito Santo state
650 _aCAFE
650 _aRECURSO ENERGETICO
650 _aDESENVOLVIMENTO SUSTENTAVEL
650 _aPRODUCAO AGRICOLA
650 _aBALANCO DE ENERGIA
650 _aANALISE COMPARATIVA
773 0 _tEngenharia Agrícola (Brazil)
_xISSN 1809-4430
_g(May-Jun 2015), v. 35(3) p. 397-405
_wBR2015005749
856 4 0 _uhttp://www.scielo.br/pdf/eagri/v35n3/1809-4430-eagri-35-3-0397.pdf
909 _a202311
_bLúcia
_c55
_dLúcia Elande
942 _2AGRIS
_n0
_cANA
999 _c246209
_d246209